Phân tích định lượng
Gồm 5 phần. Ph.1: Phần mở đầu; Ph.2: Các phương pháp phân tích hóa học; Ph.3: Các phương pháp phân tích phổ nghiệm; Ph.4: Các phương pháp phân tích điện hóa; Ph.5: Phương pháp phân tích sắc ký
Sparad:
| Huvudupphovsman: | |
|---|---|
| Materialtyp: | Bok |
| Språk: | Undetermined |
| Publicerad: |
Tp. Hồ Chí Minh
Đại học Quốc gia Tp. Hồ Chí Minh
2015
|
| Ämnen: | |
| Länkar: | http://lrc.tdmu.edu.vn/opac/search/detail.asp?aID=2&ID=24207 |
| Taggar: |
Lägg till en tagg
Inga taggar, Lägg till första taggen!
|
| Thư viện lưu trữ: | Trung tâm Học liệu Trường Đại học Thủ Dầu Một |
|---|
| LEADER | 00988nam a2200205Ia 4500 | ||
|---|---|---|---|
| 001 | TDMU_24207 | ||
| 008 | 210410s9999 xx 000 0 und d | ||
| 082 | |a 543.1 | ||
| 090 | |b NG527 | ||
| 100 | |a Nguyễn, Thị Thu Vân | ||
| 245 | 0 | |a Phân tích định lượng | |
| 245 | 0 | |c Nguyễn Thị Thu Vân | |
| 260 | |a Tp. Hồ Chí Minh | ||
| 260 | |b Đại học Quốc gia Tp. Hồ Chí Minh | ||
| 260 | |c 2015 | ||
| 300 | |a 541tr. | ||
| 520 | |a Gồm 5 phần. Ph.1: Phần mở đầu; Ph.2: Các phương pháp phân tích hóa học; Ph.3: Các phương pháp phân tích phổ nghiệm; Ph.4: Các phương pháp phân tích điện hóa; Ph.5: Phương pháp phân tích sắc ký | ||
| 650 | |a Hóa học phân tích; Phân tích định lượng |x Hóa học | ||
| 856 | |u http://lrc.tdmu.edu.vn/opac/search/detail.asp?aID=2&ID=24207 | ||
| 980 | |a Trung tâm Học liệu Trường Đại học Thủ Dầu Một | ||